| 000 | 01406nac a22002891u 4500 | ||
|---|---|---|---|
| 008 | 100119s2002 cau||||| |||| 00| 0 eng d | ||
| 010 | _a 2002026577 | ||
| 020 | _a0833032062 | ||
| 082 | 0 | 0 |
_a327.73056 _bBYM _222 |
| 100 |
_aByman, Daniel, _910464 |
||
| 245 | 1 | 4 |
_aThe Persian Gulf in the Coming Decade : _bTrends, Threats, and Opportunities / _cDaniel L. Byman, John R. Wise |
| 260 |
_aSanta Monica, CA : _bRand, 2002 _c2002. |
||
| 300 |
_axvii, 83 p. : _bill. ; _c23 cm. |
||
| 500 | _a"Prepared for the United States Air Force." | ||
| 500 | _a"Project AIR FORCE." | ||
| 504 | _aIncludes bibliographical references (p. 75-83) | ||
| 651 | 0 |
_aPersian Gulf Region. _910465 |
|
| 651 | 0 |
_aPersian Gulf Region _xRelations _zUnited States. _910466 |
|
| 651 | 0 |
_aUnited States _xRelations _zPersian Gulf Region. _910467 |
|
| 700 | 1 |
_aWise, John R. _910468 |
|
| 710 | 1 |
_aUnited States. _bAir Force. _910469 |
|
| 710 | 1 |
_aProject Air Force (U.S.) _910470 |
|
| 856 | 4 | 1 | _uhttp://www.rand.org/publications/MR/MR1528/ |
| 942 |
_cBB _k327.73056 BYM _2ddc |
||
| 999 |
_c4922 _d4922 |
||